000
00289nam a22001337a 4500
008
170801b xxu||||| |||| 00| 0 eng d
020
_a
9780130811523
041
_a
eng
080
_a
004
100
_a
32
101
_a
SHK
245
_a
THE XML HANDBOOK
_c
GOLDFARB,CH.F
942
_2
udc
_c
BK
999
_c
22396
_d
22396